Personnalités au hasard #74 - Statistiques

Statistiques générales
  • Ce quiz a été pris 181 fois
  • Le résultat moyen est 6 sur 32
Statistiques - réponses
Par images Réponse % Correct
Philippe Etchebest
97%
GMK
63%
Bénabar
51%
Pablo Longoria
40%
Karim Adeyemi
38%
LittleBigWhale
38%
JL Tomy
33%
Simon Castaldi
33%
Frédéric Lopez
28%
Olivier Faure
28%
George Washington
25%
Uini Atonio
22%
Le Roi des Rats
20%
Cali
19%
David Cameron
18%
Charlotte Cardin
12%
Raymond Aabou
10%
Jacques Prévert
9%
Dorian Aldegheri
7%
Louis-Ferdinand Céline
7%
Reda Wardi
7%
Eric Esch
6%
Mstislav Rostropovitch
5%
Paul Deschanel
5%
Jules Grévy
4%
Neville Chamberlain
4%
Chester Alan Arthur
3%
Choi Hong-man
3%
Arturo Toscanini
1%
Mariusz Pudzianowski
1%
Millard Fillmore
1%
William Perry
1%
Aucun quiz correspondant
Distribution des résultats
% des personnes avec chaque résultat
Percentile par nombre de réponses
Votre historique - résultats
Vous n’avez pas pris ce quiz